Fonds ecclésiastiques dans les archives suisses

Titel: Fonds ecclésiastiques dans les archives suisses
Verfasser:
Beteiligt:
In: Arbido, Heft 1 (2016), Seite 22-23
alle Artikel anzeigen
Veröffentlicht: 2016
Format: Aufsatz
Kein Bild verfügbar
X
alg: 44207459
001A    $03036:30-01-19 
001B    $01999:30-01-19 $t23:09:37.000 
001D    $03036:30-01-19 
001U    $0utf8 
001X    $00 
002@    $0Aox    
003@    $044207459X 
007A    $044207459X $aHEB 
007T    $0ArchMa26156 
011@    $a2016 
021A    $aFonds ecclésiastiques dans les archives suisses 
028A    $aSchweizer $dChristian 
028B/01 $aDe Kegel $dRolf 
031A    $e1 $h22-23 $j2016 
039B    $aIn $8--Abvc--. Arbido. - Bern : Stämpfli, 1995-2016. - ISSN 1420-102X $x201600000000001978 $9048657298 
045T    $a24,1 

lok: 44207459 105

exp: 44207459 105 1 #EPN
201B/01 $030-01-19 $t16:23:26.000 
201C/01 $030-01-19 
201U/01 $0utf8 
203@/01 $01042466254 
208@/01 $a13-12-18 $be 
209A/01 $a/ $f106 $x00 
245Z/01 $a4.12.02. $bArchivwesen Europas / Schweiz, Liechtenstein / Archive und Archivbestände $x01 
247C/01 $8->Marburg, Bibliographie zum Archivwesen der Archivschule Marburg $939588196X
LEADER 00000caa a22000002c 4500
001 44207459X
003 DE-603
005 20190130230937.0
007 tu
008 190130s2016 xx |||| | u00||u|und c
035 |a (DE-599)HEB44207459X 
040 |a DE-603  |b ger  |c DE-603  |d DE-603 
084 |a 24,1  |2 ssgn 
100 1 |a Schweizer, Christian 
245 0 0 |a Fonds ecclésiastiques dans les archives suisses 
264 0 |c 2016 
700 1 |a De Kegel, Rolf 
773 0 8 |i In  |t Arbido  |d Bern : Stämpfli, 1995-2016  |x 1420-102X  |g Heft 1 (2016), Seite 22-23  |w (DE-603)048657298  |w (DE-600)1221449-8 
924 0 |9 -  |a (DE-603)1042466254  |b DE-  |c HES  |d d  |g /